Applying housing standards (Record no. 110787)

MARC details
000 -LEADER
fixed length control field 01222cad a22002535a 4500
001 - CONTROL NUMBER
control field E150195
008 - FIXED-LENGTH DATA ELEMENTS--GENERAL INFORMATION
fixed length control field 100611s2010 xxk f 000 0 eng d
035 ## - SYSTEM CONTROL NUMBER
System control number (Sirsi) u150195
041 0# - LANGUAGE CODE
Language code of text/sound track or separate title eng
110 2# - MAIN ENTRY--CORPORATE NAME
Corporate name or jurisdiction name as entry element Commission for Architecture and the Built Environment
9 (RLIN) 4058
245 00 - TITLE STATEMENT
Title Applying housing standards
Remainder of title London case studies
Medium [electronic resource]
260 ## - PUBLICATION, DISTRIBUTION, ETC.
Place of publication, distribution, etc. [S.l.]
Name of publisher, distributor, etc. CABE
Date of publication, distribution, etc. 2010
490 #0 - SERIES STATEMENT
Series statement Housing Standards Evidence and Research
505 2# - FORMATTED CONTENTS NOTE
Formatted contents note Introduction -- City Quarter -- Church Street -- Barking Riverside -- Mortimer Road -- Curwen Apartments -- Appendix 1, compliant typologies -- Appendix 2, further details on sites
520 ## - SUMMARY, ETC.
Summary, etc. Sets out the results of research into the capacity implications (in terms of unit numbers) of applying minimum housing standards in London, in accordance with the London Plan.
521 ## - TARGET AUDIENCE NOTE
Target audience note Advanced
590 ## - LOCAL NOTE (RLIN)
Local note KA
651 #4 - SUBJECT ADDED ENTRY--GEOGRAPHIC NAME
Geographic name London
690 ## - LOCAL SUBJECT ADDED ENTRY--TOPICAL TERM (OCLC, RLIN)
Topical term or geographic name as entry element BUILT ENVIRONMENT-BUILDING STANDARDS
690 ## - LOCAL SUBJECT ADDED ENTRY--TOPICAL TERM (OCLC, RLIN)
Topical term or geographic name as entry element PROPERTY-RESIDENTIAL PROPERTY-DOMESTIC RESIDENTIAL PROPERTY-HOUSING
710 1# - ADDED ENTRY--CORPORATE NAME
Corporate name or jurisdiction name as entry element Richards Partington Architects
9 (RLIN) 5858
856 40 - ELECTRONIC LOCATION AND ACCESS
Uniform Resource Identifier <a href="https://www.cabe.org.uk/publications/housing-standards">https://www.cabe.org.uk/publications/housing-standards</a>
Public note View the report free of charge at www.cabe.org.uk
942 ## - ADDED ENTRY ELEMENTS (KOHA)
Suppress in OPAC 0
Holdings
Withdrawn status Lost status Source of classification or shelving scheme Damaged status Not for loan Home library Current library Shelving location Date acquired Total Checkouts Full call number Barcode Date last seen Copy number Price effective from Koha item type
    Dewey Decimal Classification     Virtual Virtual Online 11/06/2010   ONLINE PUBLICATION 150195-2001 06/08/2019 1 06/08/2019 Book